000 00535nam a2200181Ia 4500
003 Ost
005 20260507075700.0
008 260507s9999||||xx |||||||||||||| ||und||
020 _a2005169957
040 _cfsecg
041 _aara
100 _aعمر، السعيد
_eمؤلف
245 0 _a مبادئ الادارة الحديثة /
_c السعيد عمر
260 _aعمان:
_bمكتبة دار الثقافة للنشر و التوزيع,
_c1998
300 _a160 صفحة؛
653 _aادارة
942 _cكتاب
999 _c45809
_d45809